000 01092naa a22002897a 4500
001 BR8003189
003 BR-BrBNA
005 20240918174609.0
007 ta
008 230509b bl.||||| |||| 00| 0 por d
040 _aBR-BrBNA
_bpor
_cBiblioteca Nacional de Agricultura
041 _a(Pt)
072 _aH00
_b4560
_bG514
090 _aH00 BR8003189
100 1 _aSartori, S.
100 1 _aHonda, A.I.
111 1 _a9. Congresso Brasileiro de Engenharia Agricola
_cCampina Grande, PB (Brazil)
_d24 Jul 1979
245 1 _aDesenvolvimento de atomizador universal a baixo volume [Pulverizacao; Brasil]
260 3 _aCampina Grande, PB (Brasil):
_c1980.
500 _aAnais do 9. Congresso Brasileiro de Engenharia Agricola Campina Grande, PB (Brasil): 1980. v. 1. p. 179-183 (BR8003189-AM)H00
650 _aDefesa vegetal
650 _aAtomizador
650 _aPulverizacao
773 0 _tAnais do 9. Congresso Brasileiro de Engenharia Agricola
_wH00 BR8003189
_gCampina Grande, PB (Brasil), 1980. v. 1. p. 179-183
909 _a202404
_bLucia
_c55
_dLucia Elande
942 _cAM
_2AGRIS
999 _c312247
_d312247